|
|
|
|
| LEADER |
00000cam a2200000 a 4500 |
| 001 |
vtls001362646 |
| 003 |
SK-MaSNL |
| 005 |
20260301115115.0 |
| 008 |
251124s1998 ci a 00100 hrv |
| 020 |
|
|
|a 9531950601
|c b.c.
|
| 035 |
|
|
|a SNK000316243
|
| 035 |
|
|
|a urn:nbn:sk:snk-am3hq2q
|
| 035 |
|
|
|a F22D1585-32D2-4197-88D9-AC34690DE991
|
| 035 |
|
|
|a urn:nbn:sk:snk-am00ctif
|
| 040 |
|
|
|a SNK
|b slo
|c SNK
|e AACR2
|
| 041 |
1 |
|
|a hrv
|h [eng]
|
| 044 |
|
|
|a ci
|c HR
|
| 080 |
|
|
|a 913(100)(084.12)
|2 1981
|
| 100 |
1 |
|
|a Adams, Simon,
|d 1955-
|4 aut
|9 221613
|
| 245 |
1 |
0 |
|a Geografija svijeta
|c [autori Simon Adams, Anita Ganeri, Ann Kay ; s engleskogo preveo Ruder Jeny]
|
| 260 |
|
|
|a Zagreb
|b Znanje
|c 1998
|e Martin
|f Neografia
|
| 300 |
|
|
|a 304 s.
|c 29 cm
|
| 650 |
0 |
7 |
|a geografia
|2 SNKPH
|9 823
|
| 655 |
|
7 |
|a encyklopédie
|2 SNKPH
|9 28776
|
| 655 |
|
7 |
|a publikácie pre deti
|2 SNKPH
|9 70148
|
| 700 |
1 |
|
|a Ganeri, Anita
|4 aut
|9 299682
|
| 700 |
1 |
|
|a Kay, Ann
|4 aut
|9 459594
|
| 700 |
1 |
|
|a Jeny, Ruder
|4 trl
|9 281348
|
| 919 |
|
|
|a 953-195-060-1
|
| 958 |
|
|
|a OND
|
| 999 |
|
|
|c 720962
|d 722892
|
| 952 |
|
|
|t P60, <03>, [BOOK], {603}
|a SNK
|b SNK
|y PREZ
|7 0
|p 17A0194830
|o snkSB 60268
|i snkKSP 5564/99
|0 0
|1 0
|4 0
|d 1999-05-14
|f 1
|l 0
|r 2025-04-10 00:00:00
|w 2026-02-23
|